Oogy - Statistics

General Stats
  • This quiz has been taken 7 times
  • The average score is 11 of 88
Answer Stats
Hint Answer % Correct
Oogy
100%
. Agwik
17%
Angry Caterpillar
17%
Baby Chip
17%
Bertie The Giant
17%
Bikky Bitch
17%
Billy Bobber
17%
Bob
17%
Bobblin
17%
Celina
17%
Chris
17%
Corvus Glaive
17%
Crust
17%
Cull Obsidian
17%
Dark Oogy
17%
Derica
17%
. DonkeyHorse
17%
Duck
17%
Eagen Folder
17%
Ebony Maw
17%
Eeny
17%
Elvin
17%
Esme Squalor
17%
Evil Baby Chip
17%
. Fluffbutt
17%
Foogy
17%
Garbage Big
17%
Gay
17%
General Oogy
17%
Ginny Lemon
17%
Green Stacy
17%
Jasper The Big Fat Cat
17%
Jeff
17%
Jonbers Blonde
17%
Jonothan
17%
King BOO
17%
. Koity
17%
Marmaguard
17%
Marmalade
17%
Marmamclndoe
17%
Meeny
17%
Miss Slay
17%
MODOK
17%
Mr Magic Eye
17%
Mr Shearersaurus
17%
Nicke Minage
17%
Nurse Nina
17%
Okoye
17%
Oogyfier
17%
Patrick
17%
Proxima Midnight
17%
Quakcers
17%
Scarlet
17%
Skye
17%
Steve
17%
Sue
17%
. The Queen
17%
The Sneekey Crocodile
17%
Tia Kofi
17%
. Username
17%
Veruca
17%
Aggie
0%
Bacontavia
0%
Blue Dark Oogy
0%
Bubblegum Yum
0%
CodliverOIL
0%
Crocosaur
0%
EVIL BELLE
0%
Gerald
0%
Ginge Bel
0%
Green Dark Oogy
0%
Hippernt
0%
Infection Oogy
0%
Jessie The Caterpillar
0%
Marge
0%
Miss Williamson
0%
Mother
0%
Number Taker
0%
Patty Burglar
0%
Pink Dark Oogy
0%
Pollop
0%
President Oogy
0%
Red Rhino
0%
Reginald
0%
Scissorfolk
0%
Trisha
0%
Voldyminaj
0%
Wiki Tiki
0%
No matching quizzes found
Score Distribution
Percent of People with Each Score
Percentile by Number Answered
Your Score History
You have not taken this quiz